Bedside clinics in paediatrics / (Record no. 166105)

MARC details
000 -LEADER
fixed length control field 00651nam a22002057a 4500
005 - DATE AND TIME OF LATEST TRANSACTION
control field 20190712162323.0
010 ## - LCCN (DPL NO)
LC control number ENG-125907
020 ## - INTERNATIONAL STANDARD BOOK NUMBER
International Standard Book Number 9789387162389
Terms of availability 650.00
035 ## - SYSTEM CONTROL NUMBER
System control number EN-109439
037 ## - SOURCE OF ACQUISITION
Source of stock number/acquisition DBAD/PUB
082 ## - DEWEY DECIMAL CLASSIFICATION NUMBER
Classification number 618.92
100 ## - MAIN ENTRY--PERSONAL NAME
Personal name Ghosh, Sibarjun
245 ## - TITLE STATEMENT
Title Bedside clinics in paediatrics /
Statement of responsibility, etc by Sibarjun Ghosh
250 ## - EDITION STATEMENT
Edition statement Sixth Edition
260 ## - PUBLICATION, DISTRIBUTION, ETC. (IMPRINT)
Place of publication, distribution, etc Kolkata
Name of publisher, distributor, etc Academic Publishers
Date of publication, distribution, etc 2009
270 ## - ADDRESS
Address 5 A Bhawani Dutta Lane
City Kolkata
Postal code 700073
Electronic mail address contact@academicpublishers.in
300 ## - PHYSICAL DESCRIPTION
Extent xvi,528p.
Dimensions 24cm(pbk)
500 ## - GENERAL NOTE
General note Includes bibliographical references and index
942 ## - ADDED ENTRY ELEMENTS (KOHA)
Source of classification or shelving scheme Dewey Decimal Classification
Item type English Books
Classification part 618.92
Call number suffix GHO
Holdings
Withdrawn status Lost status Not for loan Collection code Home library Current library Date acquired Source of acquisition Cost, normal purchase price Full call number Barcode Copy number Cost, replacement price Koha item type
      Non-fiction Patel Nagar Patel Nagar 12/07/2019 DBAD/PUB 650.00 618.92 GHO EN-109439 1 650.00 English Books

© Delhi Public Library
Hit Counter
free hit counter